00158nam a22000737a 4500082000800000100001800008245003800026300002000064 a341 aAgarwal, H.O. aInternational Law /cH.O. Agarwal a872 p. ;c24cm.